[Event "GER HS-043 email"]
[Site "GER email"]
[Date "2008.06.28"]
[Round "?"]
[White "Breuer, Robert"]
[Black "Fischer, Mathias"]
[Result "1-0"]
[WhiteElo "2275"]
[BlackElo "2000"]
[PlyCount "51"]
[EventDate "2008.??.??"]
[EventType "tourn (corr)"]
[EventRounds "6"]
[EventCountry "GER"]
[SourceTitle "Corr 2011"]
[Source "ChessBase"]
[SourceDate "2010.08.31"]
[SourceVersion "1"]
[SourceVersionDate "2010.08.31"]
[SourceQuality "1"]

1. e4 e5 2. Nf3 Nc6 3. Bb5 f5 4. d3 Nf6 5. 0-0 Bc5 6. exf5 0-0 7. Nc3 Nd4 8. Nxd4 Bxd4 9. Ne2 Bb6 10. Ng3 d5 11. Ba4 c6 12. Bg5 Qd6 13. Qe2 Bd7 14. c4 Rae8 15. Rac1 e4 16. Bxf6 Qxf6 17. cxd5 Qd4 18. dxc6 exd3 19. Qd2 bxc6 20. Rc4 Qd6 21. Kh1 Rd8 22. Ne4 Qd5 23. Bb3 Kh8 24. g4 Qe5 25. f3 Ba5 26. Qg2 1-0